| 000 | 00404nam a2200121Ia 4500 | ||
|---|---|---|---|
| 008 | 170224s9999 xx 000 0 und d | ||
| 245 | _aModeling the intergenerational impact of partner abuse on maternal and child function at 24 months post outreach: Implications for practice and policy | ||
| 260 | _bNursing Outlook | ||
| 260 | _c2016 | ||
| 300 | _a64:2 | ||
| 500 | _aMarch April | ||
| 650 | _xNursing. | ||
| 999 |
_c317031 _d317031 |
||